[Event "Uru-ch 2020 Final"]
[Site "Montevideo"]
[Date "2021.03.14"]
[Round "2.5"]
[White "Guerrero, Alvaro"]
[Black "Hoffman, Alejandro"]
[Result "1/2-1/2"]
[WhiteElo "2112"]
[BlackElo "2474"]
[Annotator "TA"]
[PlyCount "110"]
[EventDate "2021.03.13"]
[EventCountry "URU"]
[SourceTitle "playchess.com"]
[Source "ChessBase"]
[SourceQuality "1"]

{[%evp 17,110,0,0,0,0,-22,-22,-26,-16,-26,-19,-20,-20,-22,44,-21,-7,-55,-50,-86,-66,-85,-81,-72,-67,-68,-12,-26,0,0,12,2,0,10,108,100,93,103,129,113,130,117,99,107,121,121,137,34,43,15,9,0,0,0,45,41,46,27,57,57,52,46,60,0,62,56,123,122,197,153,153,153,363,356,342,339,235,-139,136,141,147,134,127,0,0,0,0,0,0,0,0,0,0,0,0]} 1. e4 e5 2. Nf3 d6 3. g3 g6 4. Bg2 Bg7 5. O-O c5 6. d3 Nc6 7. c3 Nge7 8. a3 O-O 9. b4 a6 10. Nbd2 {10.Nbd2 is better than 10.Be3. A04: Unusual lines after 1 Nf3 and King's Indian Attack.} h6 11. Nb3 b6 12. Nfd2 Be6 13. Bb2 Qd7 {[#]} 14. Qe2 $146 ({Predecessor:} 14. Nc4 Rab8 15. Ne3 f5 16. d4 exd4 17. cxd4 cxb4 18. Rb1 d5 19. e5 Rfc8 20. axb4 Nxb4 {½-½ (79) Weber,S (2197)-Haack,K (1869) Vellmar 2018}) 14... Rfe8 15. Rfc1 cxb4 (15... a5 $11 16. b5 a4 $1 17. bxc6 Nxc6) 16. cxb4 (16. axb4 $14 d5 17. Ra3) 16... d5 17. exd5 Bxd5 18. Qf1 Rad8 19. Bh3 f5 20. Nc4 Qe6 21. Nbd2 Nd4 ({Better is} 21... b5 $15 22. Ne3 Qd6) 22. Bxd4 $11 exd4 (22... Bxc4 $5 23. Rxc4 b5 $11) 23. Re1 Qf6 24. Bg2 b5 25. Na5 h5 (25... Bf7 $11 {keeps the balance.}) 26. Nb7 $1 $16 {[%cal Rb7d8]} Bxb7 27. Bxb7 Bh6 28. Nb3 f4 29. Qg2 fxg3 30. hxg3 h4 31. gxh4 Nf5 32. h5 ({White should play} 32. Qg4 $16) 32... Kh8 $1 $14 33. Rxe8+ (33. hxg6 Rg8 $17) 33... Rxe8 34. Qc6 (34. Qxg6 $2 Rg8 $19) 34... Qg5+ 35. Qg2 Qxh5 36. Bf3 $36 {[%mdl 2048] Black is under pressure.} Qh4 37. Qg4 Qf6 38. Nc5 Re7 39. Be4 Rh7 40. Re1 (40. Bg2 $14) 40... Bf8 ({Black should try} 40... Bd2 $1 $11 41. Rd1 Rh4 $1) 41. Bg2 {Strongly threatening Re8.} Rh4 (41... Bd6 $14) 42. Qf3 $16 Rh7 (42... Be7 $16 {was called for.}) 43. Re6 Qg5 {[#]} 44. Re8 $1 {[%cal Re8f8]} Rf7 (44... Qc1+ $16 45. Bf1 Qh6) 45. Ne6 $18 ({Inferior is} 45. Nxa6 Kg8 $11) 45... Qc1+ 46. Bf1 Kg8 47. Nxf8 $2 (47. Qa8 $18 {[%cal Re8f8]} Qh6 48. f4 (48. Nxf8 Rxf8 49. Rxf8+ Qxf8 $14) (48. Qxa6 Ng7 $11)) 47... Rxf8 $2 {[%mdl 8192]} (47... Nd6 $17 48. Ne6+ Nxe8) 48. Qd5+ $16 Kg7 49. Qe5+ Rf6 {[#]} 50. Rg8+ Kxg8 $11 {The position is equal.} 51. Qxf6 {[%mdl 64] Double Attack} Kh7 52. Qxa6 Qg5+ 53. Bg2 Qc1+ 54. Bf1 Qg5+ 55. Bg2 Qc1+ {Weighted Error Value: White=0.28/Black=0.36} 1/2-1/2

[Event "Uru-ch 2020 Final"]
[Site "Montevideo"]
[Date "2021.03.15"]
[Round "3.1"]
[White "Coppola, Claudio"]
[Black "Vazquez, Facundo"]
[Result "1-0"]
[WhiteElo "2233"]
[BlackElo "2200"]
[Annotator "TA"]
[PlyCount "97"]
[EventDate "2021.03.13"]
[EventCountry "URU"]
[SourceTitle "playchess.com"]
[Source "ChessBase"]
[SourceQuality "1"]

{[%evp 20,97,45,41,84,61,70,62,106,86,91,66,75,68,89,76,77,58,154,150,139,148,179,181,414,363,362,362,333,274,279,277,289,283,339,339,347,352,415,398,423,436,600,616,599,612,614,601,593,572,806,801,800,798,924,941,884,555,1007,981,1745,1415,3047,576,562,548,577,547,29976,29977,29977,29978,29978,29979,29980,29981,29981,29982,29983,29984]} 1. d4 Nf6 2. c4 g6 3. Nc3 Bg7 4. e4 d6 5. Nf3 O-O 6. Be2 e5 7. Be3 Ng4 8. Bg5 f6 9. Bh4 g5 10. Bg3 Nh6 11. h3 Nd7 {E92: King's Indian: Classical: 6 Be2 e5: 7 dxe5, 7 Be3 and Petrosian System without 7...Nbd7.} 12. Qd2 c6 {[#]} 13. d5 $146 ({Predecessor:} 13. Rd1 Qe7 14. O-O Nf7 15. Rfe1 Re8 16. b4 Nf8 17. d5 Ng6 18. c5 g4 19. hxg4 {1-0 (43) Milekic,D (2309)-Pantovic,D (2081) Belgrade 2018}) 13... c5 {White is slightly better.} 14. O-O Rf7 15. Rab1 Nf8 16. b4 b6 17. bxc5 bxc5 18. Rb3 g4 {Black is now going downhill.} ({Black should play} 18... Ng6 $14) 19. hxg4 $16 Nxg4 20. Nh4 Bh6 21. Qb2 a6 $2 (21... Bg5 22. Rb8 Rxb8 23. Qxb8 Rb7) 22. Rb8 Rxb8 23. Qxb8 {Black must now prevent Bxg4.} Nd7 24. Qxd6 Bf8 {[#]} 25. Qc6 Nb8 26. Qa4 Nh6 27. Rb1 Bd6 28. Bd3 Rg7 29. Nf5 Bxf5 30. exf5 Rxg3 31. fxg3 e4 32. Nxe4 Be5 33. Qd1 Nd7 34. Qh5 Kg7 35. g4 Nf7 36. g5 fxg5 37. Rb7 Bd4+ 38. Kh1 {f6+! is the strong threat.} Qa5 {intending ...Qe1+.} 39. Qe2 Nfe5 40. Nxg5 {White wants to mate with Rxd7+!} Qc3 41. f6+ Kh6 {[#]} 42. Rxd7 $1 Kxg5 (42... Qc1+ 43. Kh2) 43. Rxh7 {Qh5+ would kill now.} Qxd3 44. Qxd3 {White mates.} Nxd3 45. f7 Nf2+ 46. Kg1 Ne4+ 47. Kf1 Ng3+ 48. Ke1 Bc3+ 49. Kd1 {Weighted Error Value: White=0.09/Black=0.35} 1-0

[Event "Uru-ch 2020 Final"]
[Site "Montevideo"]
[Date "2021.03.15"]
[Round "3.2"]
[White "Carbone, Diego"]
[Black "Roselli Mailhe, Bernardo"]
[Result "0-1"]
[WhiteElo "2224"]
[BlackElo "2429"]
[Annotator "TA"]
[PlyCount "72"]
[EventDate "2021.03.13"]
[EventCountry "URU"]
[SourceTitle "playchess.com"]
[Source "ChessBase"]
[SourceQuality "1"]

{[%evp 21,72,32,33,39,42,30,43,29,26,-15,-12,-25,-2,-59,-10,-3,-5,-3,-10,-9,-24,-50,-30,-21,-26,-120,-132,-133,-77,-89,-82,-83,-93,-152,-149,-209,-154,-269,-253,-261,-262,-263,-241,-279,-280,-556,-563,-546,-539,-1600,-1300,-2037,-2008]} 1. d4 Nf6 2. c4 c5 3. d5 d6 4. Nc3 g6 5. g3 Bg7 6. Bg2 O-O 7. Nf3 e6 8. O-O exd5 9. cxd5 a6 10. a4 Re8 11. Bf4 Nh5 12. Bg5 {A62: Modern Benoni: Fianchetto Variation without early ...Nbd7.} Qc7 13. Qd2 Nd7 14. Rac1 {White is slightly better.} Rb8 {[#]} 15. g4 $146 ({Predecessor:} 15. b4 Qb6 16. bxc5 Nxc5 17. Rb1 Qc7 18. Nd4 Bd7 19. Nb3 Bf5 20. Rb2 Nd3 21. Rc2 Nxf2 22. Rcc1 Nh3+ 23. Bxh3 Bxh3 24. Rf2 Qb6 25. Rb1 Rbc8 26. Nd1 Bf5 {0-1 (26) Eynullayev,A (1919)-Borisovsky,D (2304) St Petersburg 2017}) 15... Nhf6 16. h3 b5 17. b4 (17. axb5 $11 axb5 18. b4) 17... Ne4 ({Much weaker is} 17... cxb4 $6 18. Nxb5 $1 Qb6 19. Rc6 $1 $16) 18. Nxe4 Rxe4 19. axb5 axb5 20. Be3 Rc4 21. Ng5 cxb4 (21... Rb7 $5 {[%cal Rc5b4]}) 22. Qxb4 Nf6 {And now ...h6 would win.} 23. Rfd1 h6 $17 24. Nf3 {[#]} Nxd5 $1 {[%mdl 512]} 25. Rxd5 {Rxc4 is the strong threat.} Rxc1+ (25... Rxb4 $2 {loses.} 26. Rxc7 Rb1+ 27. Kh2 $18) 26. Bxc1 Qxc1+ 27. Kh2 {[#]} (27. Bf1 $142 Qc6 28. Rxd6) 27... Bf8 $1 28. Nd4 (28. e3 $17) 28... Qc4 29. Qa5 (29. Qxc4 $17 {was the only defense.} bxc4 30. Be4) 29... b4 $19 {[%cal Bb5b4,Bb4b3,Bb3b2][%mdl 32] Strongly threatening ...b3.} 30. Qa7 Rb7 31. Qa4 Bd7 32. Qa8 Qc7 {Threatens to win with ...Ra7.} 33. Ra5 (33. Qa2) 33... d5+ $1 {Black is clearly winning.} 34. Kg1 b3 35. Ra1 b2 36. Rb1 Ra7 {Weighted Error Value: White=0.78/Black=0.09} 0-1

[Event "Uru-ch 2020 Final"]
[Site "Montevideo"]
[Date "2021.03.16"]
[Round "3.3"]
[White "Lopez Azambuja, Nicolas"]
[Black "Dominguez, Facundo"]
[Result "1/2-1/2"]
[WhiteElo "2317"]
[BlackElo "2160"]
[Annotator "TA"]
[PlyCount "148"]
[EventDate "2021.03.13"]
[EventCountry "URU"]
[SourceTitle "playchess.com"]
[Source "ChessBase"]
[SourceQuality "1"]

{[%evp 14,148,17,20,20,20,22,17,50,26,26,9,12,12,13,16,15,15,39,58,54,49,61,50,51,35,52,0,0,0,0,-4,12,-76,0,0,0,0,65,69,73,68,87,54,45,47,89,71,82,81,99,71,67,58,64,55,69,77,93,76,79,89,105,64,67,62,77,75,150,28,28,8,8,8,8,8,17,8,8,8,8,8,8,8,8,8,28,0,8,0,0,0,8,8,8,8,8,0,0,0,0,0,0,0,0,0,0,0,0,0,0,0,17,0,0,0,0,0,0,0,17,17,17,17,17,17,17,17,17,0,17,17,17,17,17,17,17]} 1. d4 Nf6 2. c4 e6 3. Nf3 Bb4+ 4. Bd2 Qe7 5. e3 b6 6. Bd3 Bb7 7. O-O Bxd2 8. Nbxd2 d6 {E11: Bogo-Indian.} 9. e4 e5 10. Re1 Nbd7 {[#]} 11. Nf1 $146 {[%cal Bd2f1,Bf1e3,Be3d5][%mdl 32]} ({Predecessor:} 11. d5 a5 12. b3 h5 13. Nh4 g6 14. g3 Nc5 15. Bf1 Bc8 16. a3 Ng4 17. b4 {0-1 (66) Stevanec,L (2072)-Kaps,D (2240) Ljubljana 2011}) 11... O-O 12. Qc2 Rfe8 13. Ne3 exd4 14. Nd5 Qd8 15. Nxd4 c6 16. Nc3 Nc5 17. Rad1 Qc7 18. b4 Nxd3 19. Qxd3 d5 20. exd5 (20. c5 $14) 20... cxd5 $11 21. Rxe8+ Rxe8 22. Ndb5 Qe5 23. cxd5 {[#]} (23. Qe3 $11 {keeps the balance.}) 23... Nxd5 24. Nxd5 Bxd5 25. f4 $36 {[%mdl 2048] White fights for an advantage.} Qe4 (25... Qe7 $1 $11) 26. Qxe4 $1 $14 Bxe4 27. Nxa7 {[%mdl 4096] Endgame KRB-KRN} Kf8 28. Nb5 Bc6 29. Nd4 Bd5 30. a3 Ra8 31. Rd3 Bc4 32. Re3 Rd8 33. Nf3 Rd1+ 34. Kf2 f6 35. Rc3 Bd5 36. h4 h5 37. Ke3 Kf7 38. f5 Ke7 39. Rc7+ Kd6 40. Rxg7 Bxf3 ({Black should try} 40... Ra1) 41. Kxf3 $16 {KR-KR} (41. gxf3 $16 {And now Rb7 would win.} Ke5 42. Ra7) 41... Ke5 $1 $11 42. Rb7 Rd3+ 43. Ke2 Rxa3 44. Rxb6 Kxf5 45. Rc6 Ra2+ 46. Kf3 {Rc5+ is the strong threat.} Ra3+ 47. Kf2 Ra2+ 48. Kg3 Ra3+ 49. Kh2 Rb3 50. Rc4 Rb2 {The position is equal.} 51. Rc5+ Kg4 52. Rc4+ Kf5 53. Kg3 Rb3+ 54. Kf2 Rb2+ 55. Kg1 Rb1+ 56. Kh2 Rb2 57. Kh3 Rb3+ 58. g3 Rb2 59. Rf4+ Ke5 60. Rc4 Kf5 61. Rc5+ Kg6 62. Rb5 Kh6 63. Rb8 Kg7 64. b5 Kh7 65. b6 Kg7 66. b7 Kh7 67. Rf8 Rxb7 68. Rxf6 Rb2 69. Rf1 Kg6 70. Rf3 (70. Rg1 {looks sharper.} Rb3 71. Rc1 Kg7 72. Kg2 Rb2+ 73. Kh1) 70... Rc2 71. Rf1 Rb2 72. Rh1 Rc2 73. Ra1 Rb2 74. Ra6+ Kg7 {Weighted Error Value: White=0.13/Black=0.09} 1/2-1/2

[Event "Uru-ch 2020 Final"]
[Site "Montevideo"]
[Date "2021.03.15"]
[Round "3.4"]
[White "Michailov, Matias"]
[Black "Guerrero, Alvaro"]
[Result "0-1"]
[WhiteElo "2251"]
[BlackElo "2112"]
[Annotator "TA"]
[PlyCount "76"]
[EventDate "2021.03.13"]
[EventCountry "URU"]
[SourceTitle "playchess.com"]
[Source "ChessBase"]
[SourceQuality "1"]

{[%evp 9,76,47,53,39,75,56,127,26,44,35,70,85,127,70,119,127,115,102,143,151,142,137,160,166,157,153,223,231,259,117,125,107,114,93,94,84,59,72,87,0,11,12,15,-45,3,6,3,5,16,-22,-8,-20,6,-94,-99,-187,-173,-218,-53,-457,-448,-514,-134,-150,-118,-115,-126,-359,-335]} 1. e4 c6 2. d4 d5 3. e5 Bf5 4. h4 c5 5. dxc5 Nc6 6. Bb5 {B12: Caro-Kann: Advance Variation.} Qa5+ 7. Nc3 Rd8 {[#]} ({Black should try} 7... a6 $14 8. Bxc6+ bxc6) 8. Bxc6+ $146 (8. Nge2 $16) ({Predecessor:} 8. Nge2 Bd7 9. Bxc6 Bxc6 10. Qd4 e6 11. b4 Qc7 12. h5 Ne7 13. g4 Rc8 14. Be3 {0-1 (37) Van Blitterswijk,S (2250)-Spiridonov,N (2420) Avoine 1995}) 8... bxc6 $11 9. Qd4 Bxc2 10. e6 Nf6 11. Nf3 $40 {[%mdl 128] White attacks.} (11. exf7+ $16 Kxf7 12. Nf3) 11... Qa6 12. exf7+ Kxf7 13. Bf4 h6 14. Ne5+ Kg8 15. b4 e6 16. Rc1 Bf5 17. a4 Rc8 (17... Qc8 $16 18. f3 h5) 18. f3 $18 h5 {[#]} 19. Kf2 (19. b5 $1 $18 {[%cal Rb5a6] and the rest is easy.} cxb5 20. Nxb5) 19... Qb7 $16 20. Ne2 Nd7 21. Nxd7 Qxd7 22. Be5 a5 23. bxa5 Ra8 {[#]} 24. Bd6 (24. Qc3 $1 $16) 24... Bxd6 25. cxd6 {aiming for Qb6.} Rxa5 26. Ng3 (26. Qb6 $11 Rxa4 27. Rxc6) 26... Bg6 27. Qb6 Rxa4 {White must now prevent ...Ra2+.} 28. Rxc6 {Threatens to win with Rc7.} Ra2+ 29. Kg1 (29. Ne2 {feels hotter.} Kh7 30. Re1 e5 31. Kg1 Re8 32. Qc7) 29... Kh7 30. Qc7 Ra7 31. Qb6 (31. Qxd7 $11 Rxd7 32. Kf2) 31... Rb7 32. Qc5 (32. Rc7 $17 Rxc7 33. Qxc7 Qxc7 34. dxc7) 32... Rhb8 $19 {Strongly threatening ...Rb1+.} 33. Ne2 Rb5 $2 (33... Rb1+ $19 34. Kh2 Qd8) 34. Qc3 $2 {[%mdl 8192]} (34. Rc7 $15 Rxc5 35. Rxd7) 34... e5 {...d4 is the strong threat.} 35. Ra6 d4 $2 (35... Rb1+ $19 {and Black stays clearly on top.} 36. Kh2 Qd8 37. Rxb1 Qxh4+ 38. Kg1 Rxb1+ 39. Nc1 d4) 36. Qc7 $17 R8b7 37. Qxd7 Rxd7 38. Kf2 $2 (38. Ng3 $17) 38... Rb2 {Never resign too early!  Weighted Error Value: White=0.53/Black=0.48} 0-1

[Event "Uru-ch 2020 Final"]
[Site "Montevideo"]
[Date "2021.03.15"]
[Round "3.5"]
[White "Hoffman, Alejandro"]
[Black "Curi, Gabriel"]
[Result "0-1"]
[WhiteElo "2474"]
[BlackElo "2156"]
[Annotator "TA"]
[PlyCount "82"]
[EventDate "2021.03.13"]
[EventCountry "URU"]
[SourceTitle "playchess.com"]
[Source "ChessBase"]
[SourceQuality "1"]

{[%evp 31,82,54,86,2,12,14,15,0,48,44,43,0,0,0,0,-8,-8,-12,-9,-20,77,0,0,0,0,0,0,-152,-149,-701,-667,-675,-650,-772,0,0,0,-12834,-12834,-2148,-530,-509,0,-1461,0,-29987,-29988,-29988,-12837,-12837,-12835,-2911,-3729]} 1. d4 d5 2. c4 c6 3. Nf3 Nf6 4. Nc3 e6 5. Bg5 dxc4 6. e4 b5 7. e5 h6 8. Bh4 g5 9. Nxg5 hxg5 10. Bxg5 Nbd7 11. exf6 Bb7 12. g3 Qb6 13. Bg2 O-O-O 14. O-O c5 15. d5 b4 16. Rb1 Bh6 (16... bxc3 $2 17. bxc3 exd5 18. Rxb6 $18) 17. Qc1 {D44: Semi-Slav: Botvinnik System.} Bxg5 $11 18. Qxg5 Rdg8 (18... bxc3 $2 19. bxc3 Qd6 20. dxe6 $18) 19. Qe3 {The position is equal.} Nxf6 {...Rxh2! is the strong threat.} ({But not} 19... bxc3 $2 20. bxc3 exd5 21. Rxb6 $18) 20. Na4 Qb5 21. dxe6 {[#]} Bxg2 $146 (21... Qxa4 $2 22. Qxc5+ Kb8 23. exf7 $18) ({Predecessor:} 21... Rxh2 22. Qxc5+ Qxc5 23. Bxb7+ Kb8 24. Nxc5 Rh5 25. exf7 Rf8 26. Ne6 Rxf7 27. Bg2 {1-0 (27) Vaclav,J-Nemec Czech Republic 1993}) 22. exf7 Rf8 ({Wrong is} 22... Bxf1 $2 23. fxg8=Q+ Rxg8 24. Qe6+ Qd7 25. Qxf6 $18) 23. Qe6+ Nd7 24. Kxg2 Qxa4 25. Rbd1 {Hoping for Rd6.} Kc7 (25... Rh7 $1 $11 {keeps the balance.}) 26. Rd6 ({Much worse is} 26. Qxc4 Rh5 $17) ({White should try} 26. Qf5 $16) 26... Rxf7 $1 {aiming for ...Rhf8.} 27. Ra6 Qb5 {White must now prevent ...Qb7+.} 28. Rxa7+ Kb8 {Threatens to win with ...Rfh7.} 29. a4 $2 bxa3 $1 $17 {[%mdl 64] Overworked Piece} 30. Rxa3 {[%mdl 8192]} (30. Qxf7 $17 Kxa7 31. Ra1) 30... Qb7+ $19 31. Kg1 {[#]} Rxh2 $3 {[%csl Gb7][%cal Rh2h1][%mdl 512]} 32. f3 (32. Kxh2 Rh7+) 32... Qxb2 $2 (32... Rfh7 $19 {( -> ...Rh1+)} 33. Qd6+ Kc8) 33. Qd6+ $11 Kb7 {[%csl Gh2][%cal Rb2g2]} 34. Qa6+ $2 {[%mdl 8192]} (34. Qd5+ $11 Kc7 35. Ra7+ Kd8 36. f4) 34... Kc7 $19 {[%csl Gh2][%cal Rb2g2]} 35. Qa7+ Kc8 {[%csl Gh2][%cal Rb2g2]} 36. Qa6+ Kc7 {[%csl Gh2][%cal Rb2g2]} 37. Qa7+ Kc8 $2 (37... Kd6 $19 {[%csl Gh2][%cal Rb2g2]} 38. Rd1+ Ke5 39. Qc7+ Kf6 40. Qf4+ Kg7 41. Qg5+ Kh7) 38. Qa8+ $2 {[%mdl 8192]} (38. Qa6+ $11 Kc7) 38... Nb8 {[%csl Gh2][%cal Rb2g2]} 39. f4 Rfh7 (39... Rb7 $142 40. Qxb7+ {[%mdl 64] Remove Defender} Kxb7 41. Rb1 Qxb1+ 42. Kxh2 Qb2+ {[%mdl 64] Double Attack} 43. Kh3 Qxa3 44. Kh4 c3 45. Kg5 c2 46. Kh4 c1=Q 47. Kg5 Qxg3+ {[%mdl 64] Double Attack} 48. Kf6 Qcxf4+ 49. Ke7 Qg7+ 50. Ke8 Qgf8#) 40. Re3 Qd4 41. Rfe1 c3 {Weighted Error Value: White=0.94/Black=1.25} 0-1

[Event "Uru-ch 2020 Final"]
[Site "Montevideo"]
[Date "2021.03.16"]
[Round "4.1"]
[White "Vazquez, Facundo"]
[Black "Dominguez, Facundo"]
[Result "1/2-1/2"]
[WhiteElo "2200"]
[BlackElo "2160"]
[Annotator "TA"]
[PlyCount "43"]
[EventDate "2021.03.13"]
[EventType "swiss"]
[EventCountry "URU"]
[SourceTitle "playchess.com"]
[Source "ChessBase"]
[SourceQuality "1"]

{[%evp 20,43,6,-2,10,10,13,10,12,-2,0,0,0,-11,0,0,0,2,4,10,5,0,0,0,0,7]} 1. d4 Nf6 2. c4 e6 3. Nf3 d5 4. Nc3 Be7 5. cxd5 exd5 6. Bg5 c6 7. Qc2 O-O 8. e3 Ne4 9. Nxe4 dxe4 10. Bxe7 Qxe7 11. Nd2 {The position is equal.} f5 {D36: Queen's Gambit Declined: Exchange Variation: Main line (5 Bg5 c6 6 Qc2).} 12. Bc4+ Kh8 13. O-O Nd7 14. f3 {[%cal Rf3e4]} exf3 15. Rxf3 Nf6 {[#]} 16. Raf1 $146 ({Predecessor:} 16. Bd3 Nd5 17. Nc4 Nb4 18. Qd2 Nxd3 19. Qxd3 Be6 20. Ne5 Rad8 21. Qe2 Rf6 22. Qf2 {½-½ (53) Danek,P (2230)-Prielozny,S (2118) Slovakia 2000}) 16... Bd7 17. e4 Qd6 {[#] Threatens to win with ...b5.} 18. Qd3 {Strongly threatening e5.} fxe4 19. Nxe4 Nxe4 20. Rxf8+ Rxf8 21. Rxf8+ Qxf8 22. Qxe4 {An uneventful encounter.  Weighted Error Value: White=0.04/Black=0.04} 1/2-1/2

[Event "Uru-ch 2020 Final"]
[Site "Montevideo"]
[Date "2021.03.16"]
[Round "4.2"]
[White "Guerrero, Alvaro"]
[Black "Lopez Azambuja, Nicolas"]
[Result "0-1"]
[WhiteElo "2112"]
[BlackElo "2317"]
[Annotator "TA"]
[PlyCount "62"]
[EventDate "2021.03.13"]
[EventType "swiss"]
[EventCountry "URU"]
[SourceTitle "playchess.com"]
[Source "ChessBase"]
[SourceQuality "1"]

{[%evp 13,62,0,0,-3,0,9,8,-28,-22,-39,-29,-26,-18,-26,-25,-25,-24,-25,0,-64,-68,-91,-24,-12,-15,-62,-31,-91,-81,-116,-126,-131,-135,-184,-100,-231,-214,-415,-417,-485,-479,-660,-666,-660,-594,-762,-750,-839,-708,-830,-823]} 1. e4 e5 2. d3 Nc6 3. Nf3 Nf6 4. g3 d5 5. exd5 Nxd5 6. Bg2 Bc5 7. O-O O-O 8. Nbd2 {C44: Ponziani Opening and Scotch Gambit.} Bg4 9. h3 Bh5 10. Ne4 {The position is equal.} (10. c3 {seems wilder.} a6 11. Re1 Re8 12. a4 f6 13. b4) 10... Be7 {[#]} 11. Nc3 $146 ({Predecessor:} 11. c3 f5 12. Neg5 Qd6 13. Qb3 Kh8 14. Nxe5 Nxe5 15. Qxd5 Qxd5 16. Bxd5 c6 17. Bg2 Nxd3 {½-½ (60) Malar,P (2108)-Kotan,L (2364) Piestany 2005}) 11... Nxc3 12. bxc3 f5 {[#] And now ...e4 would win.} 13. Qe1 Bf6 14. Rb1 Rb8 15. Nd2 Bf7 16. Nb3 (16. Ba3 $11) 16... Bd5 $15 17. f3 Qd6 (17... b5 $17) 18. c4 $11 Bf7 19. Be3 {next Bc5 is good for White.} b6 20. c5 (20. f4 $15) 20... Qd7 $17 21. Qf2 Nb4 22. f4 {[#]} exf4 23. gxf4 Nxa2 (23... Rfd8 $19 24. Rfe1 Qa4) 24. c6 {This costs White the game.} (24. Bd4 $17) 24... Qd8 25. c4 $2 (25. Nd4 {might work better.}) 25... Nc3 $19 26. Ra1 Qxd3 {White must now prevent ...Ne2+.Black is clearly winning.} 27. Nc1 Qxc4 28. Rxa7 Rfe8 {Hoping for ...Rxe3!} 29. Kh1 Re7 30. Qd2 Rbe8 31. Bf2 Ne4 {Weighted Error Value: White=0.58/Black=0.15} 0-1

[Event "Uru-ch 2020 Final"]
[Site "Montevideo"]
[Date "2021.03.17"]
[Round "4.3"]
[White "Curi, Gabriel"]
[Black "Michailov, Matias"]
[Result "0-1"]
[WhiteElo "2156"]
[BlackElo "2251"]
[Annotator "TA"]
[PlyCount "138"]
[EventDate "2021.03.13"]
[EventType "swiss"]
[EventCountry "URU"]
[SourceTitle "playchess.com"]
[Source "ChessBase"]
[SourceQuality "1"]

{[%evp 30,138,35,33,29,33,29,10,27,53,42,38,62,29,165,160,169,153,158,131,175,152,216,210,187,182,171,155,212,210,386,176,173,166,175,79,86,89,100,109,156,174,177,168,172,150,139,132,164,77,85,102,137,121,115,56,77,79,79,70,72,8,25,0,0,-24,-32,-527,-510,-4586,-1232,-852,-6080,-6080,-6092,-5947,-5893,-5486,-5323,-1369,-1254,-11897,-7843,-29971,-29973,-5893,-502,-5835,-5720,-4627,-714,-578,-679,-662,-659,-587,-565,-29981,-29982,-29982,-29983,-29985,-29985,-29986,-29987,-29987,-29986,-29986,-29987,-29987,-29988]} 1. d4 Nf6 2. c4 g6 3. Nc3 Bg7 4. e4 d6 5. f3 O-O 6. Be3 c5 7. d5 e6 8. Nge2 exd5 9. cxd5 a6 10. a4 Nbd7 11. Ng3 h5 12. Be2 Re8 13. O-O Nh7 14. Nh1 f5 15. Nf2 Ne5 16. Qd2 Bd7 {A65: Modern Benoni: 6 e4.} 17. Kh1 {[#]} Rb8 $146 ({Predecessor:} 17... Qh4 18. Bf4 Rf8 19. g3 Qe7 20. exf5 Rxf5 21. Nfe4 g5 22. Bxe5 Rxe5 23. Bd3 Bh3 24. f4 gxf4 25. gxf4 {½-½ (42) Ivanovic,D (2352)-Boskovic,D (2417) Kraljevo 2011}) 18. Rfb1 b5 {The position is equal.} 19. axb5 axb5 20. b4 Qf6 {Threatening ...Nc4.} 21. Ra7 f4 (21... Nc4 $11 22. Bxc4 bxc4) 22. Bxf4 $18 {aiming for bxc5.} c4 23. Nfd1 Re7 24. Rba1 g5 25. Be3 Ng6 (25... h4 $16 {is a better defense.}) 26. Ra8 Ree8 27. Rxb8 Rxb8 28. Ra7 Be8 (28... Qd8 $16 29. g3 g4) 29. Bf1 Nf4 $2 (29... Qd8 {might work better.} 30. Qa2 Ne7) 30. Kg1 (30. h4 $142) 30... h4 31. g3 Ng6 {[#]} 32. f4 (32. Be2 $1 $18 {and White stays clearly on top.}) 32... hxg3 $16 33. hxg3 gxf4 34. gxf4 Nh4 {...Nf3+ is the strong threat.} 35. Qf2 $36 {[%mdl 2048] White has strong initiative.} Qg6+ 36. Bg2 Nxg2 37. Qxg2 Qxg2+ 38. Kxg2 Bh5 39. Rd7 (39. Bd2 $18) 39... Nf6 40. Rxd6 {Hoping for e5.} Nxe4 41. Nxe4 Bxd1 42. Nf6+ (42. Rg6 $16 Kh7 43. Rg3) 42... Kf7 {[#]} 43. Bd4 {And now Rd7+ would win.} Bf8 44. Rd7+ Kg6 45. Bc3 ({Better is} 45. Be5 $16 Ra8 46. Ne4) 45... Ra8 46. Rb7 Ra3 47. Be5 c3 {Threatens to win with ...c2.} 48. Rxb5 $2 {[%mdl 8192] White is on the road to losing.} (48. Nh7 $1 $15 Bh6 49. d6) 48... Ra2+ $19 49. Kg3 (49. Kh3 $142 c2 50. f5+ Kg5 51. Nh7+ Kh6 52. Bf4+ Kxh7 53. Rb7+ Kg8 54. Kh4) 49... c2 50. f5+ Kxf5 51. d6 c1=Q {( -> ...Qg5+)} 52. Bb2+ Ke6 53. Bxc1 Bxd6+ 54. Bf4 Ra3+ 55. Kf2 Bxf4 56. Nd5 Bg3+ 57. Kg2 Kd6 (57... Bc2 $142 58. Nb6 Be4+ 59. Kh3 Bc6) 58. Nf6 (58. Ra5 $142 Rb3 59. Nb6) 58... Bf3+ 59. Kh3 Bc6 (59... Be5 $142 60. Rb6+ Kc7) 60. Ra5 Rb3 61. Kg4 Be5 62. b5 Bb7 ({Weaker is} 62... Bxf6 63. bxc6 Bd8 64. Rf5 $15) 63. Ne8+ Ke6 {Black mates.} 64. Ra7 Rxb5 65. Ra2 Rb3 66. Rc2 Rg3+ 67. Kh4 Rg8 68. Nc7+ Kf5 {[%cal Rg8h8]} 69. Rf2+ Bf4 {[%cal Rg8h8] Weighted Error Value: White=0.96/Black=0.40} 0-1